000 00993nam a2200241 a 4500
001 BRCA_8703
005 20190320210354.0
008 240117s2016----mx-a######---#000-0#spa-#
041 _aspaeng
044 _amx
050 4 _aNC1807.M4
_b.B54 14 2016
245 1 0 _a14a [i.e. Décima Cuarta] Bienal Internacional del Cartel en México
_cLuis Arturo Hernández Basave, traducción.
260 _aMéxico
_bBienal Internacional del Cartel en México
_c2016
300 _a183 p.
_bil. a color
_c33 cm.
500 _aPaís invitado: Polonia
500 _aEdición In Memoriam: Bojidar Ikonomov / Juan Carlos Darias
500 _aCatálogo de la exposición realizada en el Museo Franz Mayer (Ciudad de México), 7 octubre, 2016 - 15 enero, 2017
546 _aTexto en : español e inglés
650 1 4 _aCarteles
_vConcursos
_xDiseño
_zMéxico
_921685
650 1 4 _aDiseñadores gráficos
_vExposiciones
_zMéxico
_921686
700 1 _aHernández Basave, Luis Arturo
_etr.
_921687
942 _2lcc
_cB
999 _c8356
_d8356